| 000 | 00601nam a2200169Ia 4500 | ||
|---|---|---|---|
| 008 | 090201s9999 xx 000 0 und d | ||
| 010 | _aKPL-44272 | ||
| 040 | _bमराठी | ||
| 041 | _aमराठी | ||
| 082 |
_a30495 _b44272 |
||
| 100 | _aसुरेशचंद्र नाडकर्णी | ||
| 245 |
_aक्रिडा ज्ञानकोष _cसुरेशचंद्र नाडकर्णी |
||
| 260 |
_c2004 _bशालिनी देशिंगकर |
||
| 300 |
_a786 _bमोठा |
||
| 600 | _aक्रिडा ज्ञानकोष | ||
| 942 | _cBOOK | ||
| 999 |
_c229034 _d229034 |
||